Digital Drawing for Landscape Architecture : Contemporary Techniques and Tools for Digital Representation in Site Design /

Guardado en:
Detalles Bibliográficos
Autores principales: Cantrell, Bradley (Autor), Michaels, Wes (Autor)
Formato: Libro
Lenguaje:inglés
Publicado: New Jersey : John Wiley&Sons, 2015
Edición:2. vydanie
Materias:
Etiquetas: Agregar Etiqueta
Sin Etiquetas, Sea el primero en etiquetar este registro!

MARC

LEADER 00000nam a22000003a 4500
001 0006284
003 SK-STU
005 20160715123349.8
007 ta
008 150721s ----xo-----e------000-0-----d
020 |a 978-1-118-69318-6 
040 |a STU  |b slo 
041 0 |a eng 
044 |a xxu 
100 1 |a Cantrell, Bradley  |r Z6  |4 aut 
245 1 0 |a Digital Drawing for Landscape Architecture :  |b Contemporary Techniques and Tools for Digital Representation in Site Design /  |c aut. Bradley Cantrell, Wes Michaels 
250 |a 2. vydanie 
260 |a New Jersey :  |b John Wiley&Sons,  |c 2015 
300 |a 317 s. 
650 0 7 |a Adobe Photoshop 
650 0 7 |a Adobe Illustrators 
650 0 7 |a Sketch Up 
650 0 7 |a Vector works 
650 0 7 |a Auto CAD 
650 0 7 |a design drawing 
650 0 7 |a perspective 
700 1 |a Michaels, Wes  |r Z6  |4 aut 
996 |b 284AU06484  |c A* 9408/U  |l AAKNAR  |s A  |a 24  |w 0006284_0001